LEADER 00995nam0-22002771i-450- 001 990006274270403321 005 20110330120513.0 035 $a000627427 035 $aFED01000627427 035 $a(Aleph)000627427FED01 035 $a000627427 100 $a20000112d1995----km-y0itay50------ba 101 0 $aita 102 $aIT 105 $ay-------001yy 200 1 $a<>ruolo del giudice internazionale nell'evoluzione del diritto internazionale e comunitario$eatti del Convegno di studi in memoria di Gaetano Morelli organizzato dall'Università di Reggio Calabria. Crotone 22-23 ottobre 1993$fa cura di Francesco Salerno 210 $aPadova$cCedam$d1995 215 $aXII, 290 p.$d24 cm 676 $a341.5 801 0$aIT$bUNINA$gRICA$2UNIMARC 901 $aBK 912 $a990006274270403321 952 $aCONGRESSI G 17$b30461*$fFGBC 959 $aFGBC 996 $aRuolo del giudice internazionale nell'evoluzione del diritto internazionale e comunitario$9626201 997 $aUNINA